=LDR 00000nam 2200000 4500 =001 INLIS000000000020839 =005 20230516030852 =035 ##$$a 0010-061300000020839 =008 230516################g##########0#ind## =041 ##$$a Ind =082 ##$$a 658.403 =090 ##$$a 658.403, Sup t =245 1#$$a Teknik pengambilan keputusan /$c Johanes Supranto =260 ##$$a Jakarta :$b Cipta Rineka,$c 1998 =300 ##$$a xi, 563 hlm, : $b ilus, ; $c 21 cm =650 #4$$a PENGAMBILAN KEPUTUSAN-MANAJEMEN =850 ##$$a NBPNMAT =084 ##$$a 658.403 SUP t =264 ##$$a Jakarta :$b Rineka Cipta,$c 1998 =336 ##$$a teks$2 rdacontent =337 ##$$a lain-lain$2 rdamedia =338 ##$$a lain-lain$2 rdacarrier =100 ##$$a Supranto, Johanes =990 ##$$a 142798/Pro.99 =990 ##$$a 20610832 =990 ##$$a 10606792 =990 ##$$a 20610832 =990 ##$$a 142798/Pro.99 =990 ##$$a 10606792